000
00345nam a2200157Ia 4500
003
OSt
005
20240625103129.0
008
170619s9999 xx 000 0 und d
040
_c
IIMT ENGINEERING COLLEGE
100
_a
GUPTA-S.L.
245
0
_a
PHISICS VOL.2
260
_b
"MEERUT
260
_c
SHUBHAM"
546
_a
2013
942
_2
ddc
_c
02
999
_c
21709
_d
21709